Los 75 mejores jugadores en la historia de la NBA - Estadísticas

Estadísticas generales
  • Esta prueba ha sido intentada 1.270 veces
  • La puntuación promedio es 32 de 76
Estadísticas de respuestas
Jugador % Correcto
Michael Jordan
98%
LeBron James
97%
Stephen Curry
94%
Kobe Bryant
91%
Shaquille O'Neal
87%
Kevin Durant
85%
Larry Bird
85%
Magic Johnson
84%
Kareem Abdul-Jabbar
82%
James Harden
78%
Jerry West
78%
Scottie Pippen
78%
Tim Duncan
76%
Wilt Chamberlain
75%
Giannis Antetokounmpo
71%
Bill Russell
70%
Dirk Nowitzki
70%
Russell Westbrook
68%
Dennis Rodman
67%
Hakeem Olajuwon
67%
Karl Malone
67%
Julius Erving
65%
Moses Malone
65%
Allen Iverson
63%
Dwyane Wade
61%
Steve Nash
60%
Kevin Garnett
59%
John Stockton
56%
Chris Paul
55%
David Robinson
52%
Charles Barkley
51%
Isiah Thomas
50%
Kawhi Leonard
50%
Ray Allen
50%
Paul Pierce
45%
Carmelo Anthony
44%
Oscar Robertson
44%
Anthony Davis
40%
Damian Lillard
40%
Patrick Ewing
40%
Jason Kidd
37%
Bob Cousy
35%
Bob Pettit
35%
Reggie Miller
35%
Clyde Drexler
29%
James Worthy
27%
Gary Payton
26%
Bill Walton
25%
Kevin McHale
24%
Bob McAdoo
23%
Robert Parish
23%
Dominique Wilkins
22%
Elgin Baylor
21%
John Havlicek
19%
Wes Unseld
17%
Pete Maravich
15%
Willis Reed
14%
Elvin Hayes
13%
George Mikan
13%
Rick Barry
13%
Dave Cowens
12%
George Gervin
12%
Sam Jones
12%
Walt Frazier
11%
Jerry Lucas
7%
Nate Archibald
7%
Billy Cunningham
6%
Lenny Wilkens
6%
Nate Thurmond
6%
Paul Arizin
6%
Dave DeBusschere
5%
Earl Monroe
5%
Bill Sharman
4%
Dave Bing
4%
Dolph Schayes
4%
Hal Greer
4%
No se encontraron pruebas coincidentes
Distribución de puntuación
Porcentaje de gente con cada puntuación
Porcentaje por número respondido
Historial de tus puntuaciones
No has intentado esta prueba.